000 00700nam a22002537a 4500
001 BINCO
003 CO-MdBIC
005 20220426224746.0
008 220426b2006 a|||| |||| 00| 0 spa d
020 _a8496573834
040 _a CO-MdBIC
_bspa.
_cCO-MdBIC
_d CO-MdBIC
041 _aspa
082 _222
_a398.2
_bAL339
100 _a Albo, Pablo,
_d1971
245 _aEl Tragaldabas
_c/Albo, Pablo, escritor
_f1971
250 _aPrimera edición
260 1 _bOQO,
_c[2006]
260 4 _a© 2006
300 _a40 paginas;
_bilustraciones a color:
_c26 cm.
490 _aOQO
650 7 _9100
_aEducación infantil
700 _aQuarello, Maurizio A.C.
_d1974–
_eilustrador
942 _cLGB
999 _c67817
_d67817